Sports Quiz

Random Sports or Basketball Quiz
Score 0/20 Timer 05:00
0 Plays Today
Hint Answer % Correct
2012-2013Lebron James
97.4%
2009-2010Lebron James
97.4%
2008-2009Lebron James
97.4%
2011-2012Jebron James
96.1%
2007-2008Kobe Bryant
93.5%
2006-2007Dirk Nowitzki
93.5%
1997-1998Micheal Jordan
92.8%
1995-1996Micheal Jordan
92.8%
2002-2003Tim Duncan
91.5%
2001-2002Tim Duncan
91.5%
Hint Answer % Correct
2010-2011Derrick Rose
90.2%
1999-2000Shaquille O'Neal
90.2%
2005-2006Steve Nash
89.5%
2004-2005Steve Nash
89.5%
2003-2004Kevin Garnett
89.5%
2000-2001Allen Iverson
88.9%
1998-1999Karl Malone
86.3%
1996-1997Karl Malone
86.3%
1993-1994Hakeem Olajuwon
83.7%
1994-1995David Robinson
77.8%

You're not logged in!

Compare scores with friends on all Sporcle quizzes.
OR
Log In

Sporcle TV

Today on Sporcle TV


Watch our educational content, quiz creation guides, and fun videos on Sporcle TV.

Show Comments

Extras

Created Oct 4, 2013ReportNominate
Tags:Basketball Quiz, NBA Quiz, last, mvp

Top Quizzes Today


Score Distribution

Paid Content

Your Account Isn't Verified!

In order to create a playlist on Sporcle, you need to verify the email address you used during registration. Go to your Sporcle Settings to finish the process.

Report this User

Report this user for behavior that violates our Community Guidelines.

Details: